000 00479nam a2200193Ia 4500
005 20240823062503.0
008 240823s9999||||xx |||||||||||||| ||und||
041 _aENGLISH
082 _A620.129287 K9
100 _a"Beckwith,Thomas C"
245 0 _aMechanical Measurements
250 _a1st
260 _c1969
_b"Oxford,New Delhi"
500 _aTransfered
650 _aMechanical Measurement
_bMechanical
700 _a" Buck,Lewis N"
942 _cBK
999 _c235993
_d235993